| 000 | 01148nam a2200241 a 4500 | ||
|---|---|---|---|
| 001 | 22201 | ||
| 003 | CO-ViMGA | ||
| 008 | 141112s2004 ck r 000 u spa d | ||
| 020 | _a9701511271 | ||
| 040 |
_aCO-ViMGA _bspa _cCO-ViMGA |
||
| 082 | 0 | 4 | _aMEVIECAR.6425 C316r |
| 100 | 1 |
_aCebolla Cebolla, Castell _931631 |
|
| 245 | 1 | 0 | _aRealidad Virtual con AutoCAD, 3ds max y Combustion |
| 260 |
_aMexico : _bAlfaomega, _c2005 |
||
| 300 | _a344p+CD - ROM | ||
| 505 | _aBase teórica 3 - - Estructura de la casa 47 - - Puertas 67 - - Ventanas 71 - - Rejas 77 - - Exportar a 3ds max 87 - - Garaje 89 - - 3DS Max : Base Teórica 95 - - Fusión con AutoCAD 197 - - Muebles. Creación de objetos 201 - - Materiales 261 - - Iluminación 287 - - Cámaras y Animación 289 - - Combustión : Base teórica 295 - - Creación de las películas 309 | ||
| 590 | _aForma de adquisición : Compra - - Precio : 62.000 - - Proveedor : Bernalibros - - Fecha de adquisición : Octubre 2007 | ||
| 650 | 1 | 4 |
_aANIMACIÓN 3DS _931632 |
| 650 | 1 | 4 |
_aAUTOCAD (PROGRAMA PARA COMPUTADORES) _931633 |
| 650 | 1 | 4 | _aDIBUJO TECNICO |
| 650 | 1 | 4 | _aREALIDAD VIRTUAL |
| 942 |
_2ddc _cBK |
||
| 999 |
_c30627 _d30627 |
||